|
|
|
|
| LEADER |
01412nam a2200373Ia 4500 |
| 001 |
EBC238677 |
| 003 |
MiAaPQ |
| 005 |
20200520144314.0 |
| 006 |
m o d | |
| 007 |
cr cn||||||||| |
| 008 |
870326r19981988enka sb 001 0 eng d |
| 010 |
|
|
|z 87008969
|
| 020 |
|
|
|z 0415050839
|
| 035 |
|
|
|a (MiAaPQ)EBC238677
|
| 035 |
|
|
|a (Au-PeEL)EBL238677
|
| 035 |
|
|
|a (CaPaEBR)ebr10017500
|
| 035 |
|
|
|a (CaONFJC)MIL15022
|
| 035 |
|
|
|a (OCoLC)936909599
|
| 040 |
|
|
|a MiAaPQ
|c MiAaPQ
|d MiAaPQ
|
| 050 |
|
4 |
|a HF1492
|b .E87 1998
|
| 245 |
0 |
0 |
|a European trade policies and the developing world
|h [electronic resource] /
|c edited by L.B.M. Mennes and Jacob Kol.
|
| 260 |
|
|
|a London ;
|a New York :
|b Routledge,
|c c1998.
|
| 300 |
|
|
|a x, 368 p. :
|b ill.
|
| 500 |
|
|
|a "First published 1988 by Croom Helm Ltd."--T.p. verso.
|
| 504 |
|
|
|a Includes bibliographical references and indexes.
|
| 533 |
|
|
|a Electronic reproduction. Ann Arbor, MI : ProQuest, 2015. Available via World Wide Web. Access may be limited to ProQuest affiliated libraries.
|
| 650 |
|
0 |
|a Economics.
|
| 651 |
|
0 |
|a European Economic Community countries
|x Commercial policy.
|
| 651 |
|
0 |
|a Developing countries
|x Commercial policy.
|
| 655 |
|
4 |
|a Electronic books.
|
| 700 |
1 |
|
|a Mennes, L. B. M.
|
| 700 |
1 |
|
|a Kol, J.
|
| 710 |
2 |
|
|a ProQuest (Firm)
|
| 856 |
4 |
0 |
|u https://ebookcentral.proquest.com/lib/matrademy/detail.action?docID=238677
|z Click to View
|